Economic impact of tribolium castaneum on grain storage in cambodia, ឥទ្ធពលសេដ្ឋកិច្ចរបស់ខ្មត tribolium castaneum ទៅលើការស្តុកគ្រាប់ធញ្ញជាតិ ក្នុងលក្ខខណ្ឌនៃប្រទេសកម្ពុជា (Record no. 1815)

000 -LEADER
fixed length control field 00688nam a22001577a 4500
003 - CONTROL NUMBER IDENTIFIER
control field OSt
005 - DATE AND TIME OF LATEST TRANSACTION
control field 20151003152531.0
008 - FIXED-LENGTH DATA ELEMENTS--GENERAL INFORMATION
fixed length control field 151003b xxu||||| |||| 00| 0 eng d
040 ## - CATALOGING SOURCE
Transcribing agency RUA
082 ## - DEWEY DECIMAL CLASSIFICATION NUMBER
Classification number AGR LAN 1997 B019 Or.1
100 ## - MAIN ENTRY--PERSONAL NAME
9 (RLIN) 1921
Personal name LANG, SENG HORNG
245 ## - TITLE STATEMENT
Title Economic impact of tribolium castaneum on grain storage in cambodia, ឥទ្ធពលសេដ្ឋកិច្ចរបស់ខ្មត tribolium castaneum ទៅលើការស្តុកគ្រាប់ធញ្ញជាតិ ក្នុងលក្ខខណ្ឌនៃប្រទេសកម្ពុជា
260 ## - PUBLICATION, DISTRIBUTION, ETC. (IMPRINT)
Place of publication, distribution, etc. Phnom Penh
Name of publisher, distributor, etc. RUA
Date of publication, distribution, etc. 1997
300 ## - PHYSICAL DESCRIPTION
Extent 98p.
Other physical details ill.
Dimensions 29cm.
942 ## - ADDED ENTRY ELEMENTS (KOHA)
Source of classification or shelving scheme
Koha item type AGR
Holdings
Price effective from Date last seen Permanent Location Not for loan Date acquired Source of classification or shelving scheme Koha item type Barcode Lost status Damaged status Shelving location Withdrawn status Current Location Full call number
2015-10-032015-10-03Library Block B 2015-10-03 AGRRUA019352  B019 Library Block BAGR LAN 1997 B019 Or.1
មជ្ឈមណ្ឌលឯការនៃសាកលវិទ្យាល័យភូមិន្ទកសិកម្មចំការដូង

Powered by Koha